Irwin Law (Registro nro. 165428)

Detalles MARC
000 -LEADER
fixed length control field 01176nam a22002657a 4500
007 - PHYSICAL DESCRIPTION FIXED FIELD--GENERAL INFORMATION
fixed length control field cr|||| ||||
008 - FIXED-LENGTH DATA ELEMENTS--GENERAL INFORMATION
fixed length control field 171102s2013 xxc|||||s|||| 00||0 eng d
020 ## - INTERNATIONAL STANDARD BOOK NUMBER
International Standard Book Number 978-1-55221-342-1
035 ## -
-- 20646
040 ## - CATALOGING SOURCE
Original cataloging agency vLex
090 ## -
-- 7188
-- 7188
100 1# - MAIN ENTRY--PERSONAL NAME
Personal name J. Sharpe, Robert
245 10 - TITLE STATEMENT
Title Irwin Law
Medium [Recurso electrónico] :
Remainder of title The Charter of Rights and Freedoms (Fifth Edition) /
Statement of responsibility, etc Robert J. Sharpe (Court of Appeal for Ontario); Kent Roach (Faculty of Law, University of Toronto)
250 ## -
-- Fifth Edition
256 ## -
-- Servicio en línea
260 ## - PUBLICATION, DISTRIBUTION, ETC. (IMPRINT)
Place of publication, distribution, etc Toronto:
Name of publisher, distributor, etc Irwin Law Inc.,
Date of publication, distribution, etc 2013
300 ## - PHYSICAL DESCRIPTION
Extent 1 recurso electrónico
506 1# - RESTRICTIONS ON ACCESS NOTE
Terms governing access Disponible solo en los productos indicados
Authorized users vLex Global
-- vLex Global (Academic Edition, excluding Law Schools)
-- vLex Global (U.S. Academic Edition, Law Schools)
-- vLex Global (U.S. Academic Edition, excluding Law Schools)
-- vLex Global (Academic Edition, Law Schools)
650 04 - SUBJECT ADDED ENTRY--TOPICAL TERM
Topical term or geographic name as entry element Derechos y Deberes fundamentales
Geographic subdivision Canadá
700 1# - ADDED ENTRY--PERSONAL NAME
Personal name Roach, Kent
740 0# -
-- vLex Libros (Servicio en línea)
856 40 - LOCALIZACIÓN Y ACCESO ELECTRÓNICO
Identificador Uniforme del Recurso (URI/URL) https://app.vlex.com/#/sources/charter-rights-freedoms-20646
942 ## -
-- RAA
999 ## -
-- 165428
-- 165428

No hay ítems disponibles.


CONTACTO


NOSOTROS


SITIOS DE INTERES

coordinacion.biblioteca.biblioteca@unienlinea.mx Misión, Visión y Objetivos Bases de datos
Directorio Bibliotecas Digitales y Repositorios
Normatividad Revistas y artículos
Convenios interbibliotecarios
Boletines



Hecho en México. Universidad Insurgentes (UIN). Todos los derechos reservados 2024. Esta página y sus contenidos pueden ser reproducidos con fines no lucrativos, siempre y cuando no se mutile, se cite la fuente completa y su dirección electrónicas. De otra forma requiere permiso previo por escrito de la institución




2024 Copyright Universidad Insurgentes | www.bibliouin.com.mx